Cours de droit criminel et de science pénitentiaire / (Record no. 69332)
[ view plain ]
| 000 -LEADER | |
|---|---|
| fixed length control field | 01129nam a2200337 i 4500 |
| 003 - CONTROL NUMBER IDENTIFIER | |
| control field | EG-GICUC |
| 005 - DATE AND TIME OF LATEST TRANSACTION | |
| control field | 20260406160648.0 |
| 008 - FIXED-LENGTH DATA ELEMENTS--GENERAL INFORMATION | |
| fixed length control field | 260406s1928 fr ||||fr|||| 00| 0 fre d |
| 040 ## - CATALOGING SOURCE | |
| Original cataloging agency | EG-GiCUC |
| Transcribing agency | EG-GiCUC |
| Modifying agency | EG-GiCUC |
| Description conventions | rda |
| Language of cataloging | fre |
| 041 ## - LANGUAGE CODE | |
| Language code of text/sound track or separate title | fre |
| 082 04 - DEWEY DECIMAL CLASSIFICATION NUMBER | |
| Edition number | 21 |
| Classification number | 343.7 |
| Item number | VI . C |
| 092 04 - LOCALLY ASSIGNED DEWEY CALL NUMBER (OCLC) | |
| Edition number | 21 |
| 099 ## - LOCAL FREE-TEXT CALL NUMBER (OCLC) | |
| Classification number | Law1 10 343.7 VI . C 7 ed - 1928 |
| 100 1# - MAIN ENTRY--PERSONAL NAME | |
| Personal name | Vidal, Georges, |
| Relator term | Auteur |
| 245 10 - TITLE STATEMENT | |
| Title | Cours de droit criminel et de science pénitentiaire / |
| Statement of responsibility, etc. | Par Georges,Vidal - Joseph, Magnol. |
| 250 ## - EDITION STATEMENT | |
| Edition statement | Septième édition, |
| Remainder of edition statement | refonde et mise au courant de la législation et de la jurisprudence. |
| 264 #1 - PRODUCTION, PUBLICATION, DISTRIBUTION, MANUFACTURE, AND COPYRIGHT NOTICE | |
| Place of production, publication, distribution, manufacture | Paris : |
| Name of producer, publisher, distributor, manufacturer | Rousseau et cie, |
| Date of production, publication, distribution, manufacture, or copyright notice | 1928. |
| 300 ## - PHYSICAL DESCRIPTION | |
| Extent | 1104 pages ; |
| Dimensions | 23 cm. |
| 336 ## - CONTENT TYPE | |
| Source | rda content |
| Content type term | text |
| 337 ## - MEDIA TYPE | |
| Source | rda media |
| Media type term | Computer |
| 338 ## - CARRIER TYPE | |
| Source | rda carrier |
| Carrier type term | Online Resource |
| 504 ## - BIBLIOGRAPHY, ETC. NOTE | |
| Bibliography, etc. note | Comprend des références bibliographiques. |
| 546 ## - LANGUAGE NOTE | |
| Language note | Texte en français |
| 650 1# - SUBJECT ADDED ENTRY--TOPICAL TERM | |
| Topical term or geographic name entry element | Droit pénal |
| 650 1# - SUBJECT ADDED ENTRY--TOPICAL TERM | |
| Topical term or geographic name entry element | Pénologie |
| 650 1# - SUBJECT ADDED ENTRY--TOPICAL TERM | |
| Topical term or geographic name entry element | Prisons |
| 700 1# - ADDED ENTRY--PERSONAL NAME | |
| Personal name | Magnol, Joseph |
| Relator term | Co-Auteur |
| 856 40 - ELECTRONIC LOCATION AND ACCESS | |
| Uniform Resource Identifier | <a href="https://fll.law.cu.edu.eg/fulltext/bks/B10-09051.pdf">https://fll.law.cu.edu.eg/fulltext/bks/B10-09051.pdf</a> |
| 905 ## - Cataloger and Reviser Names | |
| Cataloger Name: | Gomana |
| 942 ## - ADDED ENTRY ELEMENTS (KOHA) | |
| Source of classification or shelving scheme | Dewey Decimal Classification |
| Suppress in OPAC | No |
| Koha item type | Books |
| Edition | 21 |
| Withdrawn status | Lost status | Source of classification or shelving scheme | Damaged status | Not for loan | Collection | Home library | Current library | Date acquired | Total checkouts | Full call number | Barcode | Date last seen | Copy number | Price effective from | Koha item type |
|---|---|---|---|---|---|---|---|---|---|---|---|---|---|---|---|
| Dewey Decimal Classification | Not for loan | القانون الجنائي | جــــامعة القــاهرة | مكتبة كلية الحقوق - المبنى الرئيسي | 06.04.2026 | Law1 10 343.7 VI . C 7 ed - 1928 1009051 C1 | B10-09051 | 06.04.2026 | 1 | 06.04.2026 | Books |